000 00474nam a2200157Ia 4500
008 090711s9999 xx 000 0 und d
082 _b38327
100 _aखरे सुरेश
245 _aसागर माझा प्राण
260 _c1974
600 _aखरे सुरेश
630 _aसागर माझा प्राण
700 _aखरे सुरेश
730 _aसागर माझा प्राण
942 _cBOOK
999 _c303421
_d303421